|
|
|
|
| LEADER |
01984nam a2200481 a 4500 |
| 001 |
000460392 |
| 003 |
CZ BrMZK |
| 005 |
20231117123145.0 |
| 008 |
010907s1999 xr e c 0 cze d |
| 015 |
|
|
|a cnb000785405
|
| 020 |
|
|
|a 80-85628-38-4
|
| 035 |
|
|
|a (OCoLC)84991825
|
| 040 |
|
|
|a BOA001
|b cze
|
| 043 |
|
|
|a e-xr---
|
| 045 |
|
|
|a x-x-
|
| 072 |
|
7 |
|a 72/76
|x Výtvarné umění
|2 Konspekt
|9 21
|
| 080 |
|
|
|a 72/76(437.3)
|2 MRF
|
| 080 |
|
|
|a 7.036/.038
|2 MRF
|
| 080 |
|
|
|a 7.038.531
|2 MRF
|
| 080 |
|
|
|a 13:003.6
|2 MRF
|
| 080 |
|
|
|a 7.04
|2 MRF
|
| 080 |
|
|
|a (437.3)
|2 MRF
|
| 080 |
|
|
|a (083.81)
|2 MRF
|
| 245 |
0 |
0 |
|a Cyklus Dvanáct ročních období /
|c Jiří Janda, Tomáš Vaněk, Petr Nikl ... [et al.]dvanáct mandal : [katalog výstavy] : Galerie JJ Chomutov, 1.1.-31.12.1998, Galerie U Bílého jednorožce - Klatovy, 6.6.-25.7.1999, Moravská galerie v Brně - Pražákův palác, 23.11.1999-2.1.2000 ; [text Jiří Valoch].
|
| 246 |
3 |
1 |
|a Twelve seasons cycle
|
| 260 |
|
|
|a Chomutov :
|b Galerie JJ,
|c c1999
|
| 300 |
|
|
|a 1 nestránkovaný svazek :
|b il. (většina barev.) ;
|c 30 cm
|
| 500 |
|
|
|a Náz. a text též angl.
|
| 648 |
|
7 |
|a 20. století
|7 ch460558
|2 czenas
|
| 650 |
0 |
7 |
|a české výtvarné umění
|7 ph116865
|y 20. století
|2 czenas
|
| 650 |
0 |
7 |
|a moderní umění
|7 ph115340
|z Česko
|2 czenas
|
| 650 |
0 |
7 |
|a akční umění
|7 ph118335
|z Česko
|y 20. století
|2 czenas
|
| 650 |
0 |
7 |
|a mandaly
|7 ph122606
|2 czenas
|
| 650 |
0 |
7 |
|a náměty, témata a motivy
|7 ph138485
|2 czenas
|
| 655 |
|
7 |
|a katalogy výstav
|7 fd132536
|2 czenas
|
| 700 |
1 |
|
|a Vaněk, Tomáš,
|d 1966-
|7 jo2002156497
|4 ill
|
| 700 |
1 |
|
|a Janda, Jiří,
|d 1956-
|7 jn20000620132
|4 ill
|
| 700 |
1 |
|
|a Nikl, Petr,
|d 1960-
|7 jn99240000770
|4 ill
|
| 700 |
1 |
|
|a Valoch, Jiří,
|d 1946-
|7 jn19992010336
|4 wfw
|
| 710 |
2 |
|
|a Galerie JJ (Chomutov, Česko)
|7 mzk2006357941
|
| 910 |
|
|
|a BOA001
|b Z-1068.060
|
| 990 |
|
|
|a BK
|
| 996 |
6 |
|
|b 2610100858
|c Z-1068.060
|l MZK
|r Sklad / do 24 hodin
|n 12
|p p.v.
|w 000460392
|u 000010
|a 1
|e BOA001
|j MZK50
|s P
|